[Event "HCL-C4104"]
[Site "www.playchess.de"]
[Date "2006.01.27"]
[Round "3"]
[White "nichju"]
[Black "Maneco"]
[WhiteElo "1035"]
[BlackElo "1161"]
[PlyCount "99"]
[Result "1-0"]

1.e4 e5 {Hi again!}  2.Nf3 {Hi, I hope I will play 
better}  Nf6 {oh, yeah!}  3.Nxe5 Nxe4 4.d3 Nf6 
5.Bf4 Bc5 6.Be2 d6 7.Nc4 O-O 8.d4 Nd5 9.Qd2 Qf6 
10.dxc5 Nxf4 11.O-O Nxe2+ 12.Qxe2 d5 13.Nbd2 dxc4 
14.Nxc4 Be6 15.Rad1 Nd7 16.b3 Bxc4 17.Qxc4 Ne5 
18.Qe4 c6 19.c4 Rfe8 20.Rd6 Re6 21.Rfd1 Rae8 
22.Rxe6 Qxe6 23.Qh4 Nd7 24.f4 Nf6 25.g4 Qe3+ 
26.Qf2 Nxg4 27.Qxe3 Nxe3 28.Re1 Kf8 29.a4 Nc2 
30.Rc1 Nb4 31.Rd1 Na6 32.Rd3 Nxc5 33.Rd5 cxd5 
34.cxd5 Nxb3 35.a5 Nc5 36.a6 bxa6 37.h4 Nd3 38.d6 
Re2 39.d7 Ke7 40.Kf1 Rf2+ 41.Kg1 a5 42.f5 a4 
43.f6+ Kxf6 44.d8Q+ Kg6 45.Qxd3+ f5 46.Kxf2 Kf6 
47.Qd4+ Ke6 48.Qxa4 Ke5 49.Qxa7 Kf4 
50.Qd4+ 1-0

[Event "HCL-C4020"]
[Site "www.playchess.de"]
[Date "2006.01.27"]
[Round "7"]
[White "alauddin"]
[Black "epenz"]
[WhiteElo "938"]
[BlackElo "937"]
[PlyCount "100"]
[Result "0-1"]

1.d4 {hello there!}  d5 {hi}  2.Nc3 Nf6 3.Nf3 Nc6 
4.Bg5 e6 5.e3 Be7 6.Bb5 a6 7.Bxc6+ bxc6 8.Ne5 Bd7 
9.Bf4 c5 10.Na4 Bxa4 11.b3 Bb5 12.a4 Bd7 13.c4 
cxd4 14.Qxd4 Bb4+ 15.Ke2 c5 16.Qd3 O-O 17.Rhd1 Ra7 
18.Kf1 Ne4 19.cxd5 Nc3 20.Rdc1 Nxd5 21.Bg3 f6 
22.Nf3 Bc6 23.Qe4 Qe7 24.Qh4 e5 25.e4 Nc3 26.Qg4 
Nxe4 27.Ne1 Qb7 28.Qe6+ Kh8 29.Nd3 Bd7 30.Qc4 Nd2+ 
31.Kg1 Nxc4 32.Rxc4 Qd5 33.Rd1 Qe6 34.h3 h5 
35.Nxb4 cxb4 36.Rxb4 a5 37.Re4 Raa8 38.b4 Bxa4 
39.Ra1 Qd7 40.f3 Rfb8 41.Be1 Bc6 42.Rc4 a4 43.Rh4 
g6 44.g4 Qd4+ 45.Kg2 Qxa1 46.Bf2 Kg7 47.gxh5 gxh5 
48.Rxh5 Rxb4 49.Bh4 Rb2+ 50.Kg3 
Qg1+ 0-1

[Event "HCL-M873"]
[Site "www.playchess.de"]
[Date "2006.01.27"]
[Round "2"]
[White "terry"]
[Black "Croxen"]
[WhiteElo "1753"]
[BlackElo "1816"]
[PlyCount "37"]
[Result "1/2-1/2"]

1.e4 c6 2.d4 {Hi "Guest"
Good skill/luck ?!}  d5 {Good luck to you, too!}  
3.Nc3 dxe4 4.Nxe4 Bf5 5.Ng3 Bg6 6.Nf3 e6 7.h4 h6 
8.h5 Bh7 9.Bd3 Bxd3 10.Qxd3 Nd7 11.Qe2 {Merry 
Christmas}  Ngf6 {aaaaand to you, too.}  12.Bd2 
Be7 13.O-O-O O-O 14.Ne5 c5 15.dxc5 Bxc5 16.Nxd7 
Qxd7 17.Bb4 Qc7 18.Bxc5 Qxc5 19.Kb1 {(offering 
draw)}  1/2-1/2

[Event "HCL-B3691"]
[Site "www.playchess.de"]
[Date "2006.01.27"]
[Round "9"]
[White "Playerkill"]
[Black "thirdeye"]
[WhiteElo "1200"]
[BlackElo "1200"]
[PlyCount "64"]
[Result "0-1"]

1.e4 c5 2.Nf3 d6 3.Nc3 Nf6 4.h3 a6 5.g4 Nc6 6.a3 
e6 7.d3 Be7 8.Be3 O-O 9.Bg2 b5 10.e5 Nd5 11.Qd2 
{Hello
}  Nxe3 12.Qxe3 d5 {good luck}  13.Ne2 {you too}  
Qc7 14.c3 c4 15.d4 Bd7 16.O-O a5 17.h4 b4 18.Rab1 
bxa3 19.bxa3 Bxa3 20.h5 Rab8 21.h6 g6 22.Qf4 Be7 
23.Ng3 Rxb1 24.Rxb1 Rb8 25.Rxb8+ Qxb8 26.Ng5 Be8 
27.Qc1 a4 28.Qc2 Bxg5 29.Qxa4 Nxd4 30.Qd1 Nb3 
31.Bxd5 exd5 32.Qxd5 Qb5 0-1

[Event "HCL-E1526"]
[Site "www.playchess.de"]
[Date "2006.01.27"]
[Round "14"]
[White "HOTSUN"]
[Black "Matu"]
[WhiteElo "1626"]
[BlackElo "1554"]
[PlyCount "89"]
[Result "1/2-1/2"]

1.e4 {hi}  c6 2.d4 d5 {hi}  3.exd5 cxd5 4.Nc3 Nf6 
5.Bg5 e6 6.a3 Be7 7.Nf3 O-O 8.Bd3 Bd7 9.O-O a6 
10.Re1 h6 11.Bh4 Ne4 12.Bxe7 Nxc3 13.Bxd8 Nxd1 
14.Be7 Re8 15.Raxd1 Rxe7 16.Ne5 Nc6 17.c3 Nxe5 
18.dxe5 Ba4 19.Rd2 Bb3 20.Bc2 Bxc2 21.Rxc2 Rc7 
22.a4 {(offering draw)}  Rac8 23.a5 R7c5 24.Ra1 
Rb5 25.f4 Rcc5 26.Rd1 Rc4 27.g3 Rxa5 28.Kf2 Rac5 
29.Ke3 b5 30.Rd4 b4 31.Rxc4 Rxc4 32.Kd3 b3 33.Re2 
Kf8 34.Re1 Ra4 35.Rc1 Ra2 36.Rb1 Ke7 37.c4 a5 
38.cxd5 exd5 39.Kc3 a4 40.f5 g6 41.g4 h5 42.h3 
hxg4 43.hxg4 gxf5 44.gxf5 Kd7 45.Rd1 {(offering 
draw)}  1/2-1/2

[Event "HCL-M876"]
[Site "www.playchess.de"]
[Date "2006.01.27"]
[Round "2"]
[White "reddog"]
[Black "PamperedPawn"]
[WhiteElo "1844"]
[BlackElo "2389"]
[PlyCount "62"]
[Result "0-1"]

1.d4 {Hi, have a good game}  Nf6 {Hello and 
Welcome.  Looking to a good game!   Thanks.}  2.c4 
c5 3.d5 e5 {Happy New Year!}  4.Nc3 d6 5.e4 
{Thanks I hope you have a great 2006}  Be7 6.Bd3 
O-O 7.Nge2 Bd7 8.O-O Na6 9.Ng3 g6 10.Be2 h5 11.f4 
exf4 12.Bxf4 Ng4 {interesting}  13.Qb3 {What's so 
interesting - have i made a mistake?}  Ne5 {you 
did not make a mistake, you are playing an 
exceptionally strong game.}  14.h3 {Thankyou, now 
i've got to keep it going!}  Bg5 15.Nb5 Bxf4 
16.Rxf4 Bxb5 17.cxb5 c4 18.Qe3 Nb4 19.Qc3 Nbd3 
20.Bxd3 Qb6+ 21.Kh2 cxd3 22.Qd2 Rfc8 23.Rf6 Rc2 
24.Qg5 Rf2 25.Nxh5 Rc8 26.Rf5 Rcc2 27.Nf6+ Kg7 
28.Rxf2 Qxf2 29.Nh5+ Kg8 30.Qg3 Nf3+ 31.Kh1 
Qxg3 0-1

[Event "HCL-E1530"]
[Site "www.playchess.de"]
[Date "2006.01.27"]
[Round "7"]
[White "Tarrega"]
[Black "Josef"]
[WhiteElo "1559"]
[BlackElo "1608"]
[PlyCount "77"]
[Result "1-0"]

1.e4 {greetings again}  e5 {hi :-) good luck}  
2.d4 exd4 3.Nf3 Nc6 4.c3 dxc3 5.Bc4 Bb4 6.O-O d6 
7.a3 Ba5 8.b4 Bb6 9.Qb3 Qe7 10.Nxc3 Nf6 11.Bg5 Be6 
12.Nd5 Bxd5 13.exd5 Ne5 14.Nxe5 dxe5 15.Rae1 O-O 
16.Re2 h6 17.Bh4 Qd6 18.Bg3 Bd4 19.Rd1 Qd7 20.Bxe5 
Bxe5 21.Rxe5 Qd6 22.Qg3 Rae8 23.Rde1 Rxe5 24.Rxe5 
Rd8 25.Qe3 a6 26.h3 b5 27.Bb3 c6 28.dxc6 Qxc6 
29.Re7 Rf8 30.Qc5 Qa8 31.Ra7 Qe4 32.Bc2 Qe1+ 
33.Kh2 Re8 34.Bb3 Rf8 35.Qc7 Qxf2 36.Bxf7+ Kh8 
37.Be6 Ne8 38.Qb8 Nd6 39.Qxd6 1-0

[Event "HCL-T261"]
[Site "www.playchess.de"]
[Date "2006.01.27"]
[Round "8"]
[White "stevetilbury"]
[Black "gridguy"]
[WhiteElo "1608"]
[BlackElo "1743"]
[PlyCount "27"]
[Result "1-0"]

1.e4 c5 2.Nf3 d6 3.d4 cxd4 4.Nxd4 Nf6 5.Nc3 g6 
6.f4 Nc6 7.Nxc6 bxc6 8.e5 dxe5 9.Qxd8+ Kxd8 
10.fxe5 Nd5 11.Nxd5 cxd5 12.Bg5 Bg7 13.O-O-O Bxe5 
14.Rxd5+ 1-0

[Event "HCL-E1544"]
[Site "www.playchess.de"]
[Date "2006.01.27"]
[Round "20"]
[White "chess50"]
[Black "mrchess"]
[WhiteElo "2155"]
[BlackElo "1418"]
[PlyCount "43"]
[Result "1-0"]

1.e4 c5 2.Nf3 Nc6 3.d4 cxd4 4.Nxd4 d6 5.Nc3 Nf6 
6.Bg5 g6 7.Bxf6 exf6 8.Bb5 Bd7 9.O-O Bg7 10.Bc4 
O-O 11.Ndb5 Be6 12.Bxe6 fxe6 13.Nxd6 Qe7 14.Ndb5 
Rfd8 15.Qe1 Nb4 16.Qe2 Rd7 17.Rad1 Rxd1 18.Rxd1 a6 
19.Nd4 b5 20.a3 Nxc2 21.Qxc2 Rc8 
22.Nd5 1-0

[Event "HCL-B3837"]
[Site "www.playchess.de"]
[Date "2006.01.27"]
[Round "7"]
[White "Varaboca"]
[Black "PhilipKaveny"]
[WhiteElo "1006"]
[BlackElo "1353"]
[PlyCount "132"]
[Result "0-1"]

1.e4 {Salud and good luck}  c5 2.Nc3 d6 {You also} 
 3.Be2 g6 4.d4 cxd4 5.Qxd4 e5 6.Qa4+ Bd7 7.Qc4 Nf6 
8.Nf3 Be6 9.Qa4+ Bd7 10.Qc4 Be6 11.Qd3 a6 {Good 
for you. You could  have forced a draw}  12.Ng5 
Bg7 13.Nxe6 fxe6 14.Bf3 O-O 15.O-O Nc6 16.g3 Nd4 
17.Bg2 d5 18.exd5 exd5 19.Re1 Kh8 20.Rxe5 Ng4 
21.Rxd5 Qf6 22.f3 Rae8 23.Bd2 Nxf3+ 24.Bxf3 Qxf3 
25.Qxf3 Rxf3 26.Rf1 Rxf1+ 27.Kxf1 Nxh2+ 28.Kg2 Ng4 
29.Nd1 b5 30.Rd3 h5 {(offering draw)}  31.Ne3 
Nxe3+ 32.Bxe3 Bxb2 33.Kh3 Re6 34.Bf4 Kg8 35.Rd8+ 
Kf7 36.Rd7+ Re7 37.Rd5 Bf6 38.g4 hxg4+ 39.Kxg4 g5 
40.Bd2 Re4+ 41.Kf3 Ra4 42.Bxg5 Bxg5 43.Rxg5 Rxa2 
44.Rc5 Ke6 45.Ke4 Kd6 46.Kd4 Ra1 47.Rd5+ Kc6 
48.Rc5+ Kb6 49.Re5 Ra4+ 50.Kc3 Ka5 51.Rc5 Rg4 
52.Kb2 Kb4 53.Rc3 Ka5 54.Ra3+ Ra4 55.Rb3 Rb4 
56.Ka3 Rxb3+ 57.Kxb3 Kb6 58.c4 Kc5 59.cxb5 axb5 
60.Kb2 Kb4 61.Kb1 Kb3 62.Ka1 Kc2 63.Ka2 b4 64.Ka1 
Kb3 {You are a great fighter}  65.Kb1 {I love to 
play with you.}  Kc3 {Against me you play like a 
1700 player}  66.Kc1 {Thanks!!!}  
b3 0-1

[Event "HCL-T258"]
[Site "www.playchess.de"]
[Date "2006.01.27"]
[Round "20"]
[White "GCP"]
[Black "Emerson"]
[WhiteElo "1398"]
[BlackElo "1817"]
[PlyCount "52"]
[Result "0-1"]

1.b4 e5 {welcome again!}  2.Bb2 {I suppose you're 
happy to see me :))}  f6 {That´s right, but not 
because of the results in our first two 
games!
so long  :-))}  3.b5 {well ... I believe you ;-))} 
 d5 {merci}  4.e3 Be6 5.d4 Bd6 6.a4 Qe7 7.Ba3 Nh6 
8.dxe5 fxe5 9.Nf3 Nd7 10.Nfd2 O-O 11.c4 Qf6 12.f3 
e4 13.f4 Qxa1 {it was a trap...}  14.Bxd6 {for the 
fool ;)) ... it worked well !}  cxd6 {not a fool, 
that happens to everybody sometimes...}  15.Be2 
Nc5 16.cxd5 Bxd5 17.O-O Qxa4 18.Qc1 Nd3 19.Qc7 
Rac8 20.Qxd6 Rfd8 21.Qa3 Qxa3 22.Nxa3 Nf5 23.Bxd3 
exd3 24.Re1 Bf7 25.e4 Nd4 26.Kf2 
Nc2 0-1

[Event "HCL-C4099"]
[Site "www.playchess.de"]
[Date "2006.01.27"]
[Round "4"]
[White "spartan1"]
[Black "WPrimo"]
[WhiteElo "928"]
[BlackElo "1296"]
[PlyCount "78"]
[Result "0-1"]

1.e4 e5 2.Nc3 Nf6 3.Nf3 Nc6 4.d4 Bb4 5.dxe5 Nxe4 
6.Nd4 O-O 7.Bd3 Nxc3 8.Qd2 Nd5 9.c3 Bc5 10.Be4 
Nxd4 11.cxd4 Bb4 12.Bxd5 {Well done. I sure did 
not see that one coming.}  Bxd2+ 13.Bxd2 c6 14.Bb4 
cxd5 15.Bxf8 Qxf8 16.O-O d6 17.Rae1 dxe5 18.Rxe5 
Be6 19.Rfe1 Re8 20.h3 Qb4 21.b3 Qxd4 22.a4 h6 
23.R5e3 Qf4 24.a5 Rc8 25.Rb1 Rc2 26.Rf3 Qd2 27.Kh2 
Qxa5 28.b4 Qa2 29.Rf1 d4 30.b5 Qc4 31.Kg1 d3 32.b6 
axb6 33.h4 d2 34.Rd1 Bg4 35.h5 Bxf3 36.gxf3 Rc1 
37.Rxc1 dxc1Q+ 38.Kg2 Qh4 39.f4 
Qch1+ 0-1

[Event "HCL-C3985"]
[Site "www.playchess.de"]
[Date "2006.01.27"]
[Round "5"]
[White "klm"]
[Black "Milosforman"]
[WhiteElo "1028"]
[BlackElo "1006"]
[PlyCount "79"]
[Result "1-0"]

1.e4 c5 2.c4 e6 3.Nc3 d6 4.d3 Be7 5.Nf3 Nf6 6.Be2 
O-O 7.O-O e5 8.Nd5 Nxd5 9.exd5 Bf5 10.h3 Bh4 11.g3 
Bf6 12.g4 Bg6 13.Qb3 b6 14.a4 e4 15.dxe4 Bxe4 
16.Bf4 Bxf3 17.Bxf3 Bg5 18.Bxg5 f6 19.Bh4 Nd7 
20.Rae1 Ne5 21.Be4 Qe8 22.Bg2 f5 23.g5 Qh5 24.f4 
Qxh4 25.fxe5 dxe5 26.Rxe5 Qd4+ 27.Qe3 f4 28.Qxd4 
cxd4 29.d6 d3 30.Bxa8 Rxa8 31.Rd5 Rf8 32.Rxd3 g6 
33.d7 Rd8 34.Rxf4 Kg7 35.Re4 Kf7 36.Rf3+ Kg7 
37.Re7+ Kh8 38.Re8+ Rxe8 39.dxe8Q+ Kg7 
40.Rf7+ 1-0

[Event "HCL-C3968"]
[Site "www.playchess.de"]
[Date "2006.01.27"]
[Round "19"]
[White "perugia"]
[Black "cla114"]
[WhiteElo "1146"]
[BlackElo "869"]
[PlyCount "32"]
[Result "0-1"]

1.e4 {Ciao!!}  e5 {ciao}  2.Bc4 Nf6 3.Nc3 Bc5 
4.Nge2 d6 5.h3 Nc6 6.O-O O-O 7.a3 Nd4 8.b4 Bb6 
9.f4 d5 10.Kh1 dxc4 11.fxe5 Nh5 12.Nf4 Nxf4 
13.Rxf4 Qg5 14.d3 cxd3 15.Qxd3 Qxe5 16.Nd5 
c6 0-1

[Event "HCL-C4094"]
[Site "www.playchess.de"]
[Date "2006.01.27"]
[Round "2"]
[White "DavidFields"]
[Black "schnitzly"]
[WhiteElo "1165"]
[BlackElo "1247"]
[PlyCount "50"]
[Result "0-1"]

1.d4 {hello from Texas, USA}  d5 {Thanks! 
Greetings from Cologne!}  2.c4 c6 3.c5 Nf6 4.Nf3 
Bg4 5.e3 Nbd7 6.Bd3 e5 7.Be2 exd4 8.Nxd4 Bxe2 
9.Qxe2 Bxc5 10.Nb3 O-O 11.Bd2 Re8 12.O-O Ne4 
13.Nxc5 Ndxc5 14.Bb4 Qb6 15.a3 a5 16.Bc3 Nxc3 
17.bxc3 Ne4 18.Rd1 Rad8 19.Nd2 Qb2 20.Rab1 Qxc3 
21.Nxe4 dxe4 22.Rxb7 Qxa3 23.Rdb1 Qd3 24.Kf1 h6 
25.Ra7 Qxb1+ 0-1

[Event "HCL-E1560"]
[Site "www.playchess.de"]
[Date "2006.01.27"]
[Round "4"]
[White "chess50"]
[Black "Tarrega"]
[WhiteElo "2155"]
[BlackElo "1600"]
[PlyCount "60"]
[Result "0-1"]

1.e4 c5 {Nice to meet you}  2.c3 e6 3.d4 d5 4.e5 
Nc6 5.Nf3 Qb6 6.a3 Nh6 7.b4 cxd4 8.Bxh6 gxh6 
9.cxd4 Bd7 10.Nc3 Nxb4 11.axb4 Bxb4 12.Rc1 Rc8 
13.Qb3 O-O 14.Ke2 Qa6+ 15.Kd2 Qa5 16.Bd3 Rc7 
17.Ng1 Ba4 18.Qb2 f6 19.exf6 Rxf6 20.f3 e5 21.Nge2 
exd4 22.Nxd4 Qc5 23.Nde2 Re6 24.Bf5 Qe3+ 25.Ke1 
Re5 26.Be4 Bb5 27.Kd1 dxe4 28.Qb3+ Kg7 29.Qxb4 
Bxe2+ 30.Kc2 Rb5 0-1

[Event "HCL-C3985"]
[Site "www.playchess.de"]
[Date "2006.01.27"]
[Round "14"]
[White "Idris"]
[Black "klm"]
[WhiteElo "895"]
[BlackElo "1028"]
[PlyCount "60"]
[Result "0-1"]

1.e4 {Hello}  e5 2.Nf3 Nc6 3.Bc4 Nf6 4.d3 Bc5 
5.O-O O-O 6.Bd2 Ng4 7.h3 Nf6 8.Nc3 d6 9.Qe2 Nd4 
10.Nxd4 Bxd4 11.Bd5 Bxc3 12.Bxc3 c6 13.Bc4 Nd7 
14.d4 exd4 15.Bxd4 Ne5 16.Bxe5 dxe5 17.Rfd1 Qg5 
18.Qd3 Be6 19.Rd2 Rad8 20.Qe3 Qxe3 21.fxe3 Rxd2 
22.Bd3 b5 23.b4 g6 24.Bf1 Rxc2 25.Bd3 Rb2 26.a3 
Rd8 27.Bf1 Rdd2 28.Kh1 Bc4 29.Bxc4 bxc4 30.Rf1 
Rdxg2 0-1

[Event "HCL-A2543"]
[Site "www.playchess.de"]
[Date "2006.01.27"]
[Round "10"]
[White "Wernswig"]
[Black "mrchess"]
[WhiteElo "1423"]
[BlackElo "1503"]
[PlyCount "104"]
[Result "0-1"]

1.e4 {hi}  c5 {good luck}  2.Nf3 Nc6 3.Bc4 d6 4.d3 
Nf6 5.Nc3 e5 6.Ng5 Bg4 7.f3 Bh5 8.O-O Nd4 9.Nd5 
Be7 10.c3 Nc6 11.Qe1 Nxd5 12.Bxd5 Bxg5 13.Qg3 Bf6 
14.f4 O-O 15.f5 Bh4 16.Qh3 g6 17.fxg6 hxg6 18.g4 
Bxg4 19.Qxg4 Kg7 20.Rf5 Qe7 21.Rh5 Rfh8 22.Rf5 
Raf8 23.Bg5 Bxg5 24.Rxg5 {happy new year!}  Rh6 
{happy new year to you also}  25.h4 Rfh8 26.Rf1 
Nd8 27.Rgf5 R6xh4 28.R5xf7+ Nxf7 29.Qg3 R4h1+ 
30.Kg2 Rxf1 31.Kxf1 Qg5 32.Qxg5 Nxg5 33.Bxb7 Rb8 
34.Bd5 Rxb2 35.Bb3 Nf3 36.Bd5 g5 37.Be6 a5 38.a4 
Kh6 39.Bd7 Kh5 40.Bh3 g4 41.Bg2 Kh4 42.c4 Kg3 
43.Bh1 Nh2+ 44.Ke1 Rb1+ 45.Kd2 Rxh1 46.Ke2 Rf1 
47.Kd2 Kf2 48.Kc2 g3 49.Kc3 g2 50.Kd2 g1Q 51.Kc2 
Ra1 52.Kd2 Qc1+ 0-1

[Event "ACL-M081"]
[Site "www.playchess.de"]
[Date "2006.01.27"]
[Round "8"]
[White "MENO"]
[Black "pcmvr"]
[WhiteElo "1915"]
[BlackElo "1807"]
[PlyCount "109"]
[Result "1-0"]

1.e4 {Hello from Paris and good game}  e6 {Hello, 
wish you a nice game from the Netherlands}  2.d4 
d5 3.Nc3 Nf6 4.Bg5 dxe4 5.Nxe4 Be7 6.Bxf6 Bxf6 
7.Nf3 O-O 8.Qd2 b6 9.O-O-O Bb7 10.Bd3 Nd7 11.h4 
Be7 12.c3 Bd5 13.Kb1 b5 14.Neg5 h6 15.Qc2 f5 
16.Nh3 Bd6 17.Bxb5 c6 18.Bd3 Rb8 19.c4 Bxf3 
20.gxf3 Ba3 21.b3 Re8 22.Nf4 Nf8 23.d5 exd5 
24.cxd5 Qd6 25.Ne2 cxd5 26.Bc4 Kh8 27.Rxd5 Qb4 
28.Rg1 Rbc8 29.Qc3 Qb7 30.Nf4 Rc6 31.Rxf5 Qd7 
32.Qd3 Rd6 33.Rd5 Rxd5 34.Qxd5 Qxd5 35.Bxd5 Rd8 
36.Rg4 Bc5 37.h5 Bxf2 38.Kc2 a5 39.Bc4 Bc5 40.Nd3 
Nd7 41.Nxc5 Nxc5 42.Rf4 Rc8 43.Kb2 Kh7 44.Rf7 Rd8 
45.Ra7 Nd3+ 46.Ka3 Ne5 47.Rxa5 Nxc4+ 48.bxc4 Rd3+ 
49.Kb4 Rxf3 50.c5 Rf6 51.Kb5 Rf2 52.Kb6 Rb2+ 
53.Rb5 Rxa2 54.c6 Rc2 55.c7 1-0

[Event "HCL-E1561"]
[Site "www.playchess.de"]
[Date "2006.01.27"]
[Round "15"]
[White "chess50"]
[Black "ippuli"]
[WhiteElo "2155"]
[BlackElo "1579"]
[PlyCount "41"]
[Result "1-0"]

1.e4 e5 {Hello! Good luck...}  2.Nf3 f5 3.Nxe5 Qf6 
4.d4 d6 5.Nc4 fxe4 6.Be2 Nc6 7.d5 Ne5 8.Nxe5 Qxe5 
9.Nc3 Nf6 10.f4 Qf5 11.Nb5 Kd8 12.c4 a6 13.Nd4 Qg6 
14.Qb3 Qxg2 15.Rf1 Ng4 16.Ne6+ Bxe6 17.Qxb7 Rc8 
18.dxe6 Nxh2 19.Qc6 Ke7 {Oops...}  20.Qd7+ Kf6 
21.Qf7+ 1-0

[Event "HCL-M868"]
[Site "www.playchess.de"]
[Date "2006.01.27"]
[Round "3"]
[White "Maccdavid"]
[Black "Still_Life"]
[WhiteElo "1644"]
[BlackElo "2082"]
[PlyCount "70"]
[Result "0-1"]

1.e4 {Hello and good luck.}  c6 {Hi there! Enjoy 
our game :-)) David}  2.Nc3 d5 3.Nf3 dxe4 4.Nxe4 
Nf6 5.Nxf6+ gxf6 6.g3 Bf5 7.Bg2 e6 8.Nh4 Bg6 
9.Nxg6 hxg6 10.b3 Nd7 11.Bb2 Qa5 12.h4 O-O-O 
13.Qe2 Bd6 14.a4 Kb8 15.O-O-O {Sorry about delay. 
Happy new year.}  Qb4 {Happy New Year to you too! 
;-)) David}  16.Qe4 Qa5 17.f4 e5 18.fxe5 Bxe5 
19.Bxe5+ fxe5 20.g4 Qc5 21.Kb2 Nf6 22.Qe2 Rd4 
23.g5 Nh5 24.Qf2 Nf4 25.Bf1 Qd6 26.Bc4 f5 27.gxf6 
Qxf6 28.Qg3 Qd6 29.Rh2 Rd8 30.Qe3 a6 31.c3 Nd5 
32.Bxd5 Rxd5 33.Re2 Qf6 34.Qg5 Qf3 35.Rxe5 Qxd1 
{Oops! :-((}  0-1

[Event "HCL-B3857"]
[Site "www.playchess.de"]
[Date "2006.01.27"]
[Round "4"]
[White "evets"]
[Black "Rale"]
[WhiteElo "1392"]
[BlackElo "1902"]
[PlyCount "38"]
[Result "0-1"]

1.d4 d5 2.Nf3 Nc6 3.Nbd2 e6 4.e3 Nf6 5.Bd3 Bd6 
6.O-O O-O 7.Re1 e5 8.e4 dxe4 9.Nxe4 Nxd4 10.Nfg5 
h6 11.Nxf6+ Qxf6 12.Qh5 Bf5 13.Ne4 Bxe4 14.Bxe4 c6 
15.c3 Ne6 16.Re3 Ng5 17.Bc2 Bc5 18.Rg3 Qxf2+ 
19.Kh1 Qg1+ 0-1

[Event "HCL-C4117"]
[Site "www.playchess.de"]
[Date "2006.01.27"]
[Round "4"]
[White "EISBAER"]
[Black "Xare"]
[WhiteElo "676"]
[BlackElo "800"]
[PlyCount "71"]
[Result "0-1"]

1.d4 Nf6 2.Nf3 e6 3.e3 d5 4.Bd3 c5 5.c3 c4 6.Be2 
Ne4 7.O-O Be7 8.Ne5 Nc6 9.Qa4 Bd7 10.Qc2 O-O 
11.Nd2 Nxd2 12.Bxd2 Qc7 13.Ng4 f5 14.Ne5 Nxe5 
15.dxe5 Qxe5 16.f4 Qf6 17.Be1 Bd6 18.Rf3 Be8 
19.Rh3 Bg6 20.Bh4 Qf7 21.Qd1 h5 22.Qe1 Qc7 23.Bg5 
Kf7 24.Qd2 Rfh8 25.Qd4 Be7 26.Bh4 Bxh4 27.Rxh4 Qe7 
28.Rh3 Kg8 29.Rg3 Be8 30.Qe5 g6 31.Rg5 Bf7 32.Rf1 
Qd7 33.Bd1 Rd8 34.Rf3 Qd6 35.Qf6 e5 
36.Qxe5 0-1

[Event "HCL-C4089"]
[Site "www.playchess.de"]
[Date "2006.01.27"]
[Round "3"]
[White "EISBAER"]
[Black "mnonato"]
[WhiteElo "800"]
[BlackElo "800"]
[PlyCount "27"]
[Result "0-1"]

1.d4 d5 2.e3 e6 3.Nf3 Nf6 4.Bd3 Nbd7 5.c3 Be7 
6.Ng5 h6 7.Nf3 O-O 8.Bd2 Nb6 9.O-O c5 10.Qc1 c4 
11.Bc2 Bd7 12.Na3 Bxa3 13.bxa3 Ba4 
14.Bb1 0-1

[Event "HCL-A2546"]
[Site "www.playchess.de"]
[Date "2006.01.27"]
[Round "16"]
[White "MimiSiku"]
[Black "mrchess"]
[WhiteElo "1507"]
[BlackElo "1489"]
[PlyCount "106"]
[Result "0-1"]

1.e4 {Hi again! Let's hope for an interesting 
match!}  c6 {i hope so}  2.d4 d5 3.e5 e6 4.Nf3 Bd7 
5.Be3 Qc7 6.Be2 Ne7 7.O-O Nf5 8.Bf4 a6 9.c3 g6 
10.Bd3 Bg7 11.Bxf5 exf5 12.Qc1 Qb6 13.b3 Be6 
14.Re1 Nd7 15.Bh6 Bxh6 16.Qxh6 O-O-O 17.Nbd2 c5 
18.Rac1 Kb8 19.Rc2 cxd4 20.Nxd4 Rde8 21.Qg7 h5 
22.Nxe6 Qxe6 23.Nf3 Reg8 24.Qxg8+ Rxg8 25.Nd4 Qe7 
26.Rce2 Re8 27.e6 Nf6 28.exf7 Qxf7 29.R2xe8+ Nxe8 
30.Ne6 Qe7 31.Kf1 Nc7 32.Nd4 Qc5 33.Rc1 Qd6 34.b4 
Qxh2 35.Ne2 Ne6 36.g3 Qh1+ 37.Ng1 Qe4 38.Re1 Qd3+ 
39.Kg2 Nc7 40.Re3 Qc4 41.a4 Qc6 42.Nf3 Qxa4 43.Nd4 
Qd7 44.f4 Ne8 45.Re6 Qf7 46.Kf3 Nc7 47.Re3 Nb5 
48.Nxb5 axb5 49.Re5 Kc7 50.Ke3 Kd6 51.Kd4 Qf6 
52.Ke3 Qxe5+ 53.fxe5+ Kxe5 0-1

[Event "HCL-A2565"]
[Site "www.playchess.de"]
[Date "2006.01.27"]
[Round "20"]
[White "val2005"]
[Black "MimiSiku"]
[WhiteElo "1675"]
[BlackElo "1525"]
[PlyCount "54"]
[Result "1-0"]

1.d4 c6 2.Nf3 d5 3.e3 Bf5 4.Bd3 Bxd3 5.Qxd3 Nd7 
6.O-O e6 7.Nbd2 Ngf6 8.b3 Bd6 9.Bb2 O-O 10.c4 dxc4 
11.bxc4 Nb6 12.Qc2 Bb4 13.e4 Bxd2 14.Nxd2 Qc7 
15.e5 Nh5 16.Ne4 Nf4 17.g3 Ng6 18.Kg2 Rad8 19.h4 
Ne7 20.Rad1 Nf5 21.Rfh1 g6 22.g4 Ne7 23.Nf6+ Kh8 
24.h5 Nd7 25.Nxh7 Kxh7 26.hxg6+ Kg8 27.g7 
Rfe8 1-0

[Event "HCL-E1558"]
[Site "www.playchess.de"]
[Date "2006.01.27"]
[Round "10"]
[White "Emerson"]
[Black "XANDERKIRV"]
[WhiteElo "1797"]
[BlackElo "1449"]
[PlyCount "59"]
[Result "1-0"]

1.d4 {Hello! We have an intersting group (with our 
friend from ARUBA)! Good luck.}  d5 {Hello-game 
5!Good Luck.}  2.e3 {Oh yes it is our 5th game. I 
hope I can withstand furthermore!??
}  a6 3.Bd3 Nf6 4.Nd2 e6 5.Qe2 c5 6.c3 Be7 7.f4 
O-O 8.h3 Re8 9.g4 h6 10.Ngf3 g6 11.Ne5 Nbd7 
12.Nxg6 fxg6 13.Bxg6 Rf8 14.g5 hxg5 15.fxg5 Kg7 
16.gxf6+ Rxf6 17.Bd3 Qh8 18.Qg2+ Kf7 19.Nf3 Rh6 
20.e4 c4 21.Bc2 Rg6 22.Qh2 Bh4+ 23.Nxh4 Qxh4+ 
24.Qf2+ Qxf2+ 25.Kxf2 Rg8 26.e5 Nf8 27.Be3 Ke7 
28.Rag1 Rh8 29.Rg7+ Kd8 30.Bg5+ 1-0

[Event "HCL-A2512"]
[Site "www.playchess.de"]
[Date "2006.01.27"]
[Round "4"]
[White "Maillard"]
[Black "tuGGy"]
[WhiteElo "1505"]
[BlackElo "1534"]
[PlyCount "88"]
[Result "0-1"]

1.e4 {Bonne partie!}  d5 2.exd5 Nf6 3.c4 c6 4.dxc6 
Nxc6 5.Nf3 Bg4 6.Be2 e5 7.d3 Bb4+ 8.Bd2 Qd6 9.Bxb4 
Qxb4+ 10.Qd2 O-O-O 11.Qxb4 Nxb4 12.Nxe5 Rhe8 
13.Nxg4 Nxg4 14.h3 Nxd3+ 15.Kf1 Ngxf2 16.Rh2 Ne4 
17.Bxd3 Rxd3 18.Na3 Rd2 19.Rb1 Ng3+ 20.Kg1 Ree2 
21.Nb5 {this game was a torture...}  a6 22.Nc3 
Rdxb2 23.Rd1 Red2 24.Re1 Kd7 25.h4 {merci pour la 
partie!}  Ne2+ 26.Nxe2 Rdxe2 27.Rxe2 Rxe2 28.g4 
{Happy new year!}  Re4 29.Rg2 Rxc4 30.Kh2 {merci 
pour la partie!}  b5 31.h5 h6 32.Kh3 g5 33.Rf2 Ke6 
34.Re2+ Kd5 35.Rf2 Ke6 36.Re2+ Kf6 37.Rf2+ Kg7 
38.Kg3 Rc3+ 39.Kg2 b4 40.Rb2 a5 41.Kf2 f5 42.gxf5 
Kf6 43.Ke2 Kxf5 44.Rd2 {merci pour la partie!}  
Kg4 0-1

[Event "HCL-M867"]
[Site "www.playchess.de"]
[Date "2006.01.27"]
[Round "7"]
[White "RedBishop"]
[Black "BanzayFish"]
[WhiteElo "2176"]
[BlackElo "1893"]
[PlyCount "69"]
[Result "1-0"]

1.Nc3 {Hoi, leuk je hier te ontmoeten!}  d5 {Hai! 
Zeker weten, altijd prettig spelen!}  2.e4 c6 3.d4 
dxe4 4.f3 e5 5.dxe5 Qxd1+ 6.Kxd1 Nd7 7.f4 f5 
8.Nge2 Bc5 9.g4 Nf8 10.gxf5 Bxf5 11.Ng3 O-O-O+ 
12.Ke1 Bg4 13.Be2 Bf3 14.Bxf3 exf3 15.Nce4 Be7 
16.Nf5 Kb8 17.Nxg7 Bh4+ 18.Ng3 Nh6 19.Kf2 Rg8 
20.N7h5 Ne6 21.Be3 Ng4+ 22.Kxf3 Rdf8 {Een mooi 
2006 gewenst!}  23.Ke4 {Al het beste in 2006!}  b6 
{dank :)}  24.Raf1 Nc7 25.c4 Rf7 26.Rfd1 Rgf8 
27.Rhf1 Nxh2 28.Rfh1 Bxg3 29.Rdg1 Ng4 30.Rxg3 Nxe3 
31.Kxe3 b5 32.b3 Ne8 33.cxb5 cxb5 34.Ke4 Re7 
35.Rd3 1-0

[Event "HCL-M867"]
[Site "www.playchess.de"]
[Date "2006.01.27"]
[Round "4"]
[White "BanzayFish"]
[Black "randa"]
[WhiteElo "1893"]
[BlackElo "2292"]
[PlyCount "74"]
[Result "0-1"]

1.c4 {gg & gl}  Nf6 2.d4 g6 3.Nc3 d5 4.cxd5 Nxd5 
5.e4 Nxc3 6.bxc3 Bg7 7.Bc4 O-O 8.Ne2 c5 9.O-O Nc6 
10.Be3 Bg4 11.f3 Na5 12.Bd3 cxd4 13.cxd4 Be6 14.d5 
Bxa1 15.Qxa1 f6 16.Bh6 Re8 17.Rb1 Bd7 18.e5 Bc6 
19.dxc6 Qxd3 20.cxb7 Nxb7 21.Ng3 Nc5 22.Rc1 Nd7 
23.exf6 Nxf6 24.Ne4 Rac8 25.Re1 Qd5 26.Rd1 Qf7 
27.Qb2 Nxe4 28.fxe4 Qf6 29.Qb3+ e6 30.Be3 Qe5 
31.Qd3 a5 32.Bd4 Qd6 33.Qe2 Red8 34.e5 Qa3 35.h3 
Rc1 36.Kh2 Rxd1 37.Qxd1 Qb4 0-1

[Event "HCL-E1544"]
[Site "www.playchess.de"]
[Date "2006.01.27"]
[Round "19"]
[White "mrchess"]
[Black "chess50"]
[WhiteElo "1418"]
[BlackElo "2155"]
[PlyCount "42"]
[Result "0-1"]

1.d4 {good luck}  d5 2.e3 Nf6 3.Bd3 c5 4.c3 Nc6 
5.Nd2 e5 6.dxe5 Nxe5 7.Be2 Bd6 8.Ngf3 O-O 9.O-O 
Nxf3+ 10.Nxf3 Bg4 11.h3 Be6 12.Re1 Ne4 13.Bd3 f5 
14.Qc2 Qf6 15.Bd2 a6 16.Re2 c4 17.Bxe4 fxe4 18.Nd4 
Bxh3 19.g3 Be5 20.Kh2 Bxd4 21.exd4 
Qf3 0-1